| 000 | 00691cam a22002174a 4500 | ||
|---|---|---|---|
| 020 | _a0072315393 (alk. paper) | ||
| 040 | _cDLC | ||
| 082 | 0 | 0 | _a004 INW 2001 A007 Or. |
| 100 | 1 | _aWhitten, Jeffrey L. | |
| 245 | 1 | 0 | _aSystems analysis and design methods / |
| 250 | _a5th ed. | ||
| 260 |
_aBoston, Mass. : _bIrwin/McGraw-Hill, _c2001. |
||
| 300 |
_axx, 724 p. : _bill. (some col.) ; _c29 cm. |
||
| 650 | 0 | _aSystem design. | |
| 650 | 0 | _aSystem analysis. | |
| 700 | 1 | _aBentley, Lonnie D. | |
| 700 | 1 | _aDittman, Kevin C. | |
| 856 | 4 | 2 | _uhttp://www.loc.gov/catdir/enhancements/fy0610/00040694-d.html |
| 856 | 4 | 1 | _uhttp://www.loc.gov/catdir/enhancements/fy0610/00040694-t.html |
| 942 | _cEK | ||
| 999 |
_c12506 _d12506 |
||